[Event "DEM U10 2025"]
[Site "Willingen GER"]
[Date "2025.06.11"]
[Round "6"]
[White "Schimming, Wilhelm"]
[Black "Schubert, Anton"]
[Result "1-0"]
[Termination "normal"]
[Board "29"]
[WhiteElo "1639"]
[BlackElo "1039"]
[WhiteClock "01:26:58"]
[BlackClock "00:36:55"]
[PlyCount "127"]
[WhiteFideId "34662030"]
[BlackFideId "533043523"]
[EventCountry "GER"]
[EventRounds "9"]
[EventType "swiss"]
[EventDate "2025.06.07"]

1. e4 {[%clk 01:30:59]} e5 {[%clk 01:30:49]} {[%emt 00:00:11]} 2. Nf3 {[%clk
01:31:21]} {[%emt 00:00:09]} Nc6 {[%clk 01:31:04]} {[%emt 00:00:15]} 3. Nc3
{[%clk 01:31:47]} {[%emt 00:00:04]} Nf6 {[%clk 01:31:25]} {[%emt 00:00:09]} 4.
Bb5 {[%clk 01:32:13]} {[%emt 00:00:03]} Nd4 {[%clk 01:31:27]} {[%emt 00:00:28]}
5. Nxd4 {[%clk 01:32:35]} {[%emt 00:00:08]} exd4 {[%clk 01:31:46]} {[%emt
00:00:10]} 6. e5 {[%emt 00:00:46]} dxc3 {[%clk 01:31:30]} 7. exf6 {[%clk
01:33:29]} {[%emt 00:00:06]} cxd2+ {[%clk 01:31:26]} {[%emt 00:00:34]} 8. Bxd2
{[%clk 01:33:51]} {[%emt 00:00:07]} Qxf6 {[%clk 01:31:23]} {[%emt 00:00:34]} 9.
Bc3 {[%clk 01:33:08]} {[%emt 00:01:14]} Qe7+ {[%clk 01:30:40]} {[%emt
00:01:12]} 10. Be2 {[%clk 01:31:56]} {[%emt 00:01:42]} d6 {[%clk 01:30:43]}
{[%emt 00:00:28]} 11. O-O {[%clk 01:32:17]} {[%emt 00:00:09]} Bf5 {[%clk
01:29:03]} {[%emt 00:02:09]} 12. Bb5+ {[%clk 01:32:28]} {[%emt 00:00:19]} c6
{[%clk 01:28:29]} {[%emt 00:01:04]} 13. Re1 {[%clk 01:30:29]} {[%emt 00:02:29]}
Be6 {[%clk 01:27:28]} {[%emt 00:01:30]} 14. Bd3 {[%clk 01:30:23]} {[%emt
00:00:35]} d5 {[%clk 01:26:51]} {[%emt 00:01:09]} 15. f4 {[%clk 01:30:06]}
{[%emt 00:00:47]} O-O-O {[%clk 01:22:40]} {[%emt 00:04:41]} 16. f5 {[%clk
01:29:29]} {[%emt 00:01:07]} Qc5+ {[%clk 01:20:12]} {[%emt 00:02:55]} 17. Kh1
{[%clk 01:29:45]} {[%emt 00:00:17]} Bd7 {[%clk 01:18:53]} {[%emt 00:01:49]} 18.
f6 {[%clk 01:29:14]} {[%emt 00:01:01]} g6 {[%clk 01:17:14]} {[%emt 00:02:08]}
19. Be2 {[%clk 01:28:02]} {[%emt 00:01:43]} Bh6 {[%clk 01:15:44]} {[%emt
00:01:59]} 20. Bd4 {[%clk 01:27:55]} {[%emt 00:00:37]} Qd6 {[%clk 01:11:51]}
{[%emt 00:04:22]} 21. Bg4 {[%clk 01:27:33]} {[%emt 00:00:54]} Bxg4 {[%clk
01:10:14]} {[%emt 00:02:06]} 22. Qxg4+ {[%clk 01:27:57]} {[%emt 00:00:07]} Qd7
{[%clk 01:09:08]} {[%emt 00:01:36]} 23. Qh4 {[%clk 01:26:15]} {[%emt 00:02:12]}
Bd2 {[%clk 01:07:24]} {[%emt 00:02:15]} 24. Re7 {[%clk 01:26:22]} {[%emt
00:00:23]} Qf5 {[%clk 00:54:53]} {[%emt 00:13:01]} 25. Rxf7 {[%clk 01:24:34]}
{[%emt 00:02:18]} Bg5 {[%clk 00:53:42]} {[%emt 00:01:40]} 26. Qe1 {[%clk
01:24:35]} {[%emt 00:00:30]} Rhf8 {[%clk 00:52:17]} {[%emt 00:01:52]} 27. Rxh7
{[%clk 01:22:31]} {[%emt 00:02:36]} Bxf6 {[%clk 00:51:39]} {[%emt 00:01:08]}
28. Qa5 {[%clk 01:21:37]} {[%emt 00:01:25]} Rd7 {[%clk 00:48:05]} {[%emt
00:04:03]} 29. Rxd7 {[%clk 01:20:40]} {[%emt 00:01:26]} Kxd7 {[%clk 00:48:02]}
{[%emt 00:00:32]} 30. Qxa7 {[%clk 01:20:59]} {[%emt 00:00:14]} Bxd4 {[%clk
00:47:09]} {[%emt 00:01:23]} 31. Qxd4 {[%clk 01:21:27]} {[%emt 00:00:03]} Qf1+
{[%clk 00:46:11]} {[%emt 00:01:27]} 32. Rxf1 {[%clk 01:21:50]} {[%emt
00:00:08]} Rxf1+ {[%clk 00:46:29]} {[%emt 00:00:11]} 33. Qg1 {[%clk 01:22:12]}
{[%emt 00:00:08]} Rxg1+ {[%clk 00:46:52]} {[%emt 00:00:07]} 34. Kxg1 {[%clk
01:22:36]} {[%emt 00:00:06]} c5 {[%clk 00:46:14]} {[%emt 00:01:08]} 35. Kf2
{[%clk 01:21:42]} {[%emt 00:01:25]} Ke6 {[%clk 00:45:48]} {[%emt 00:00:56]} 36.
Ke3 {[%clk 01:20:41]} {[%emt 00:01:31]} Ke5 {[%clk 00:45:59]} {[%emt 00:00:19]}
37. b3 {[%clk 01:18:46]} {[%emt 00:02:26]} b5 {[%clk 00:44:09]} {[%emt
00:02:19]} 38. a4 {[%clk 01:19:00]} {[%emt 00:00:16]} c4 {[%clk 00:40:14]}
{[%emt 00:04:25]} 39. axb5 {[%clk 01:19:07]} {[%emt 00:00:24]} d4+ {[%clk
00:39:13]} {[%emt 00:01:30]} 40. Kd2 {[%clk 01:19:28]} {[%emt 00:00:08]} cxb3
{[%clk 00:38:49]} {[%emt 00:00:55]} 41. cxb3 {[%clk 01:19:50]} {[%emt
00:00:08]} Kd5 {[%clk 00:37:38]} {[%emt 00:01:40]} 42. Kd3 {[%clk 01:19:24]}
{[%emt 00:00:57]} Kc5 {[%clk 00:36:50]} {[%emt 00:01:17]} 43. g4 {[%clk
01:19:42]} {[%emt 00:00:13]} g5 {[%clk 00:36:38]} {[%emt 00:00:41]} 44. b4+
{[%clk 01:20:06]} {[%emt 00:00:07]} Kd5 {[%clk 00:34:19]} {[%emt 00:02:48]} 45.
b6 {[%clk 01:20:31]} {[%emt 00:00:06]} Kc6 {[%clk 00:34:25]} {[%emt 00:00:24]}
46. Kxd4 {[%clk 01:20:59]} {[%emt 00:00:02]} Kxb6 {[%clk 00:34:13]} {[%emt
00:00:42]} 47. Ke5 {[%clk 01:21:24]} {[%emt 00:00:05]} Kb5 {[%clk 00:34:36]}
{[%emt 00:00:07]} 48. Kf5 {[%clk 01:21:44]} {[%emt 00:00:09]} Kxb4 {[%clk
00:34:50]} {[%emt 00:00:16]} 49. Kxg5 {[%clk 01:22:11]} {[%emt 00:00:04]} Kc5
{[%clk 00:35:13]} {[%emt 00:00:07]} 50. h4 {[%clk 01:22:37]} {[%emt 00:00:04]}
Kd6 {[%clk 00:35:34]} {[%emt 00:00:08]} 51. Kf6 {[%clk 01:22:53]} {[%emt
00:00:15]} Kd7 {[%clk 00:35:52]} {[%emt 00:00:11]} 52. h5 {[%clk 01:23:18]}
{[%emt 00:00:06]} Ke8 {[%clk 00:36:10]} {[%emt 00:00:12]} 53. h6 {[%clk
01:23:40]} {[%emt 00:00:08]} Kd7 {[%clk 00:35:34]} {[%emt 00:01:05]} 54. h7
{[%clk 01:24:08]} {[%emt 00:00:03]} Kd6 {[%clk 00:35:49]} {[%emt 00:00:14]} 55.
h8=Q {[%clk 01:24:31]} {[%emt 00:00:08]} Kd5 {[%clk 00:36:03]} {[%emt
00:00:16]} 56. Qc8 {[%clk 01:24:32]} {[%emt 00:00:29]} Kd4 {[%clk 00:36:14]}
{[%emt 00:00:17]} 57. Qc2 {[%clk 01:24:53]} {[%emt 00:00:11]} Kd5 {[%clk
00:36:14]} {[%emt 00:00:30]} 58. Qc3 {[%clk 01:25:21]} {[%emt 00:00:02]} Ke4
{[%clk 00:36:13]} {[%emt 00:00:30]} 59. g5 {[%clk 01:25:39]} {[%emt 00:00:12]}
Kd5 {[%clk 00:35:49]} {[%emt 00:00:53]} 60. g6 {[%clk 01:26:08]} {[%emt
00:00:03]} Ke4 {[%clk 00:36:08]} {[%emt 00:01:17]} 61. g7 {[%clk 01:25:48]}
{[%emt 00:01:21]} Kd5 {[%clk 00:36:57]} {[%emt 00:00:09]} 62. g8=Q+ {[%clk
01:26:06]} {[%emt 00:00:13]} Ke4 {[%clk 00:36:46]} {[%emt 00:00:40]} 63. Qg4+
{[%clk 01:26:33]} {[%emt 00:00:03]} Kd5 {[%clk 00:36:55]} {[%emt 00:00:21]} 64.
Qe6# {[%clk 01:26:58]} {[%emt 00:00:06]} 1-0

[Event "DEM U10 2025"]
[Site "Willingen GER"]
[Date "2025.06.12"]
[Round "7"]
[White "Schmidt, Jan"]
[Black "Müller, Konstantin"]
[Result "1-0"]
[Termination "normal"]
[Board "1"]
[WhiteElo "1732"]
[BlackElo "1998"]
[WhiteClock "00:05:00"]
[BlackClock "00:05:11"]
[PlyCount "117"]
[WhiteFideId "34625682"]
[BlackFideId "34661778"]
[EventCountry "GER"]
[EventRounds "9"]
[EventType "swiss"]
[EventDate "2025.06.07"]

1. d4 {[%clk 01:30:54]} {[%emt 00:00:06]} d5 {[%clk 01:30:54]} {[%emt
00:00:06]} 2. Nf3 {[%clk 01:31:09]} {[%emt 00:00:15]} Nf6 {[%clk 01:30:12]}
{[%emt 00:01:13]} 3. c4 {[%clk 01:31:16]} {[%emt 00:00:22]} e6 {[%clk
01:30:33]} {[%emt 00:00:09]} 4. g3 {[%clk 01:31:33]} {[%emt 00:00:13]} dxc4
{[%clk 01:30:08]} {[%emt 00:00:55]} 5. Qa4+ {[%clk 01:31:47]} {[%emt 00:00:16]}
Nbd7 {[%clk 01:29:44]} {[%emt 00:00:55]} 6. Qxc4 {[%clk 01:31:34]} {[%emt
00:00:43]} a6 {[%clk 01:29:33]} {[%emt 00:00:42]} 7. Bg2 {[%clk 01:30:31]}
{[%emt 00:01:33]} b5 {[%clk 01:28:40]} {[%emt 00:01:23]} 8. Qc6 {[%clk
01:28:50]} {[%emt 00:02:11]} Rb8 {[%clk 01:27:08]} {[%emt 00:02:02]} 9. Bf4
{[%clk 01:26:54]} {[%emt 00:02:25]} Bb7 {[%clk 01:23:33]} {[%emt 00:04:06]} 10.
Qxc7 {[%clk 01:16:17]} {[%emt 00:11:06]} Qxc7 {[%clk 01:23:51]} {[%emt
00:00:12]} 11. Bxc7 {[%clk 01:16:36]} {[%emt 00:00:10]} Bb4+ {[%clk 01:24:11]}
{[%emt 00:00:10]} 12. Nbd2 {[%clk 01:15:43]} {[%emt 00:01:24]} Rc8 {[%clk
01:24:34]} {[%emt 00:00:07]} 13. Bf4 {[%clk 01:15:34]} {[%emt 00:00:39]} O-O
{[%clk 01:10:54]} {[%emt 00:14:10]} 14. O-O {[%clk 01:07:56]} {[%emt 00:08:08]}
Nb6 {[%clk 00:54:43]} {[%emt 00:16:41]} 15. Rac1 {[%clk 00:56:57]} {[%emt
00:11:29]} Na4 {[%clk 00:53:58]} {[%emt 00:01:14]} 16. Rxc8 {[%clk 00:44:29]}
{[%emt 00:12:59]} Rxc8 {[%clk 00:54:11]} {[%emt 00:00:18]} 17. Rb1 {[%clk
00:41:13]} {[%emt 00:03:46]} Nd5 {[%clk 00:45:31]} {[%emt 00:09:09]} 18. a3
{[%clk 00:24:03]} {[%emt 00:17:40]} Be7 {[%clk 00:40:11]} {[%emt 00:05:50]} 19.
Ne1 {[%clk 00:17:11]} {[%emt 00:07:22]} Ba8 {[%clk 00:28:43]} {[%emt 00:11:59]}
20. Nb3 {[%clk 00:13:34]} {[%emt 00:04:07]} Ndb6 {[%clk 00:24:50]} {[%emt
00:04:22]} 21. Bxa8 {[%clk 00:12:46]} {[%emt 00:01:18]} Rxa8 {[%clk 00:25:07]}
{[%emt 00:00:13]} 22. Nd3 {[%clk 00:12:30]} {[%emt 00:00:46]} g5 {[%clk
00:21:09]} {[%emt 00:04:28]} 23. Bd2 {[%clk 00:10:11]} {[%emt 00:02:49]} Rc8
{[%clk 00:19:41]} {[%emt 00:01:57]} 24. Rc1 {[%clk 00:09:23]} {[%emt 00:01:19]}
Nc4 {[%clk 00:17:21]} {[%emt 00:02:50]} 25. Bb4 {[%clk 00:07:33]} {[%emt
00:02:20]} Kf8 {[%clk 00:15:29]} {[%emt 00:02:22]} 26. Bxe7+ {[%clk 00:04:08]}
{[%emt 00:03:56]} Kxe7 {[%clk 00:15:54]} {[%emt 00:00:05]} 27. Rc2 {[%clk
00:03:46]} {[%emt 00:00:52]} Kd6 {[%clk 00:13:33]} {[%emt 00:02:51]} 28. Nbc5
{[%clk 00:03:35]} {[%emt 00:00:41]} Nxc5 {[%clk 00:11:55]} {[%emt 00:02:08]}
29. dxc5+ {[%clk 00:03:52]} {[%emt 00:00:12]} Kd5 {[%clk 00:09:37]} {[%emt
00:02:49]} 30. Nb4+ {[%clk 00:03:05]} {[%emt 00:01:16]} Kd4 {[%clk 00:05:52]}
{[%emt 00:04:16]} 31. e3+ {[%clk 00:03:08]} {[%emt 00:00:27]} Ke4 {[%clk
00:06:15]} {[%emt 00:00:07]} 32. Nxa6 {[%clk 00:03:14]} {[%emt 00:00:24]} Kf3
{[%clk 00:06:28]} {[%emt 00:00:16]} 33. Nb4 {[%clk 00:02:08]} {[%emt 00:01:36]}
Nxb2 {[%clk 00:02:38]} {[%emt 00:04:21]} 34. Rxb2 {[%clk 00:02:06]} {[%emt
00:00:32]} Rxc5 {[%clk 00:03:01]} {[%emt 00:00:07]} 35. Nd3 {[%clk 00:02:04]}
{[%emt 00:00:31]} Rd5 {[%clk 00:02:56]} {[%emt 00:00:35]} 36. Ne1+ {[%clk
00:02:21]} {[%emt 00:00:13]} Kg4 {[%clk 00:03:14]} {[%emt 00:00:13]} 37. Kg2
{[%clk 00:02:30]} {[%emt 00:00:21]} f5 {[%clk 00:02:49]} {[%emt 00:00:54]} 38.
Nf3 {[%clk 00:02:13]} {[%emt 00:00:47]} e5 {[%clk 00:02:15]} {[%emt 00:01:04]}
39. Rb4+ {[%clk 00:02:08]} {[%emt 00:00:35]} Kh5 {[%clk 00:02:10]} {[%emt
00:00:35]} 40. e4 {[%clk 00:01:59]} {[%emt 00:00:39]} fxe4 {[%clk 00:02:18]}
{[%emt 00:00:22]} 41. Rxe4 {[%clk 00:02:21]} {[%emt 00:00:08]} Rd3 {[%clk
00:02:39]} {[%emt 00:00:06]} 42. Rxe5 {[%clk 00:02:33]} {[%emt 00:00:22]} Rxa3
{[%clk 00:02:44]} {[%emt 00:00:24]} 43. Rxg5+ {[%clk 00:02:48]} {[%emt
00:00:15]} Kh6 {[%clk 00:03:09]} {[%emt 00:00:05]} 44. Rxb5 {[%clk 00:03:12]}
{[%emt 00:00:06]} Kg6 {[%clk 00:03:26]} {[%emt 00:00:14]} 45. h4 {[%clk
00:03:10]} {[%emt 00:00:32]} Kh6 {[%clk 00:03:49]} {[%emt 00:00:07]} 46. Rb7
{[%clk 00:03:06]} {[%emt 00:00:34]} Ra2 {[%clk 00:03:50]} {[%emt 00:00:28]} 47.
Ng5 {[%clk 00:03:22]} {[%emt 00:00:14]} Kh5 {[%clk 00:03:54]} {[%emt 00:00:27]}
48. Rxh7+ {[%clk 00:03:23]} {[%emt 00:00:28]} Kg4 {[%clk 00:04:18]} {[%emt
00:00:06]} 49. Nh3 {[%clk 00:02:57]} {[%emt 00:00:57]} Rb2 {[%emt 00:00:18]}
50. Rh8 {[%clk 00:03:14]} {[%emt 00:00:11]} Kf5 {[%clk 00:04:26]} {[%emt
00:00:35]} 51. Rg8 {[%clk 00:03:31]} {[%emt 00:00:14]} Kf6 {[%clk 00:04:48]}
{[%emt 00:00:08]} 52. h5 {[%clk 00:03:48]} {[%emt 00:00:13]} Rb5 {[%clk
00:04:57]} {[%emt 00:00:19]} 53. Nf4 {[%clk 00:03:57]} {[%emt 00:00:22]} Kf7
{[%clk 00:05:20]} {[%emt 00:00:07]} 54. Rg4 {[%clk 00:04:12]} {[%emt 00:00:15]}
Rb6 {[%clk 00:05:45]} {[%emt 00:00:06]} 55. Rg6 {[%clk 00:04:24]} {[%emt
00:00:18]} Rb8 {[%clk 00:05:52]} {[%emt 00:00:23]} 56. g4 {[%clk 00:04:31]}
{[%emt 00:00:23]} Rb4 {[%clk 00:06:05]} {[%emt 00:00:16]} 57. Kg3 {[%clk
00:04:55]} {[%emt 00:00:06]} Rb3+ {[%clk 00:06:22]} {[%emt 00:00:13]} 58. f3
{[%clk 00:05:18]} {[%emt 00:00:07]} Rb1 {[%clk 00:05:11]} {[%emt 00:01:41]} 59.
Rg5 {[%clk 00:05:00]} {[%emt 00:00:48]} 1-0

[Event "DEM U10 2025"]
[Site "Willingen GER"]
[Date "2025.06.12"]
[Round "7"]
[White "Wolf, Adam"]
[Black "Ranganathan, Aadith"]
[Result "1/2-1/2"]
[Termination "normal"]
[Board "2"]
[WhiteElo "1656"]
[BlackElo "1824"]
[WhiteClock "00:15:18"]
[BlackClock "00:33:28"]
[PlyCount "129"]
[WhiteFideId "34623426"]
[BlackFideId "34667121"]
[EventCountry "GER"]
[EventRounds "9"]
[EventType "swiss"]
[EventDate "2025.06.07"]

1. e4 {[%clk 01:30:58]} {[%emt 00:00:01]} c6 {[%clk 01:30:54]} {[%emt
00:00:06]} 2. d4 {[%clk 01:31:26]} {[%emt 00:00:03]} d5 {[%clk 01:31:16]}
{[%emt 00:00:08]} 3. exd5 {[%clk 01:31:52]} {[%emt 00:00:03]} cxd5 {[%clk
01:31:37]} {[%emt 00:00:09]} 4. Bd3 {[%clk 01:32:16]} {[%emt 00:00:06]} Nc6
{[%clk 01:32:01]} {[%emt 00:00:06]} 5. c3 {[%clk 01:32:43]} {[%emt 00:00:04]}
Nf6 {[%clk 01:32:20]} {[%emt 00:00:10]} 6. h3 {[%clk 01:33:06]} {[%emt
00:00:07]} g6 {[%clk 01:32:44]} {[%emt 00:00:05]} 7. Nf3 {[%clk 01:33:23]}
{[%emt 00:00:14]} Bf5 {[%clk 01:33:06]} {[%emt 00:00:07]} 8. Be2 {[%clk
01:33:48]} {[%emt 00:00:07]} Bg7 {[%clk 01:33:31]} {[%emt 00:00:06]} 9. Bf4
{[%clk 01:33:59]} {[%emt 00:00:19]} a6 {[%clk 01:33:14]} {[%emt 00:00:46]} 10.
Nbd2 {[%clk 01:34:01]} {[%emt 00:00:28]} Ne4 {[%clk 01:33:13]} {[%emt
00:00:30]} 11. O-O {[%clk 01:33:25]} {[%emt 00:01:07]} O-O {[%clk 01:33:29]}
{[%emt 00:00:14]} 12. Re1 {[%clk 01:32:42]} {[%emt 00:01:13]} Nd6 {[%clk
01:22:31]} {[%emt 00:11:28]} 13. Bf1 {[%clk 01:29:44]} {[%emt 00:03:29]} b5
{[%clk 01:17:14]} {[%emt 00:05:46]} 14. b4 {[%clk 01:28:14]} {[%emt 00:02:01]}
Rc8 {[%clk 01:17:26]} {[%emt 00:00:17]} 15. Qb3 {[%clk 01:26:02]} {[%emt
00:02:42]} e6 {[%clk 00:58:35]} {[%emt 00:19:21]} 16. Bxd6 {[%clk 01:23:02]}
{[%emt 00:03:29]} Qxd6 {[%clk 00:58:32]} {[%emt 00:00:34]} 17. g4 {[%clk
01:19:56]} {[%emt 00:03:36]} Be4 {[%clk 00:58:20]} {[%emt 00:00:41]} 18. Nxe4
{[%clk 01:20:17]} {[%emt 00:00:10]} dxe4 {[%clk 00:58:43]} {[%emt 00:00:07]}
19. Rxe4 {[%clk 01:20:27]} {[%emt 00:00:20]} e5 {[%clk 00:55:51]} {[%emt
00:03:22]} 20. dxe5 {[%clk 01:08:01]} {[%emt 00:12:57]} Nxe5 {[%clk 00:52:33]}
{[%emt 00:03:47]} 21. Nxe5 {[%clk 01:08:16]} {[%emt 00:00:15]} Bxe5 {[%clk
00:52:55]} {[%emt 00:00:07]} 22. Rc1 {[%clk 01:08:05]} {[%emt 00:00:42]} Qf6
{[%clk 00:52:48]} {[%emt 00:00:36]} 23. c4 {[%clk 01:03:38]} {[%emt 00:04:59]}
Bd4 {[%clk 00:48:38]} {[%emt 00:04:39]} 24. Qg3 {[%clk 01:01:29]} {[%emt
00:02:39]} bxc4 {[%clk 00:45:34]} {[%emt 00:03:34]} 25. Bxc4 {[%clk 00:56:57]}
{[%emt 00:05:02]} Rc6 {[%clk 00:39:50]} {[%emt 00:06:14]} 26. Rxd4 {[%clk
00:52:00]} {[%emt 00:05:27]} Qxd4 {[%clk 00:40:01]} {[%emt 00:00:19]} 27. Bxf7+
{[%clk 00:52:25]} {[%emt 00:00:05]} Rxf7 {[%clk 00:40:22]} {[%emt 00:00:08]}
28. Rxc6 {[%clk 00:52:51]} {[%emt 00:00:05]} Qd1+ {[%clk 00:40:25]} {[%emt
00:00:27]} 29. Kh2 {[%clk 00:53:08]} {[%emt 00:00:14]} Qd2 {[%clk 00:37:25]}
{[%emt 00:03:29]} 30. Rc8+ {[%clk 00:43:07]} {[%emt 00:10:31]} Kg7 {[%clk
00:37:15]} {[%emt 00:00:39]} 31. Rc7 {[%clk 00:40:50]} {[%emt 00:02:48]} Qxa2
{[%clk 00:36:43]} {[%emt 00:01:02]} 32. g5 {[%clk 00:40:18]} {[%emt 00:01:02]}
Kg8 {[%clk 00:35:05]} {[%emt 00:02:07]} 33. Rc8+ {[%clk 00:37:36]} {[%emt
00:03:12]} Rf8 {[%clk 00:35:18]} {[%emt 00:00:18]} 34. Rxf8+ {[%clk 00:37:27]}
{[%emt 00:00:39]} Kxf8 {[%clk 00:35:39]} {[%emt 00:00:07]} 35. Kg2 {[%clk
00:37:11]} {[%emt 00:00:47]} Kg7 {[%clk 00:35:31]} {[%emt 00:00:39]} 36. Qe5+
{[%clk 00:35:20]} {[%emt 00:02:18]} Kg8 {[%clk 00:35:41]} {[%emt 00:00:21]} 37.
b5 {[%clk 00:34:12]} {[%emt 00:01:41]} axb5 {[%clk 00:35:51]} {[%emt 00:00:18]}
38. Qxb5 {[%clk 00:34:34]} {[%emt 00:00:08]} Qa8+ {[%clk 00:35:37]} {[%emt
00:00:43]} 39. f3 {[%clk 00:34:12]} {[%emt 00:00:54]} Qd8 {[%clk 00:35:10]}
{[%emt 00:00:55]} 40. Qe5 {[%clk 00:32:13]} {[%emt 00:02:31]} Qd7 {[%clk
00:33:47]} {[%emt 00:01:52]} 41. Kg3 {[%clk 00:31:49]} {[%emt 00:00:54]} Qd1
{[%clk 00:33:40]} {[%emt 00:00:38]} 42. Qe3 {[%clk 00:29:49]} {[%emt 00:02:29]}
Qd6+ {[%clk 00:33:09]} {[%emt 00:00:59]} 43. f4 {[%clk 00:28:27]} {[%emt
00:01:55]} Qd1 {[%clk 00:32:46]} {[%emt 00:00:53]} 44. h4 {[%clk 00:28:01]}
{[%emt 00:00:56]} Kg7 {[%clk 00:32:58]} {[%emt 00:00:18]} 45. Kf2 {[%clk
00:24:20]} {[%emt 00:04:11]} Qg4 {[%clk 00:32:11]} {[%emt 00:01:15]} 46. Qg3
{[%clk 00:24:18]} {[%emt 00:00:33]} Qd1 {[%clk 00:32:30]} {[%emt 00:00:12]} 47.
Qf3 {[%clk 00:23:19]} {[%emt 00:01:29]} Qd2+ {[%clk 00:32:43]} {[%emt
00:00:17]} 48. Kg3 {[%clk 00:23:36]} {[%emt 00:00:13]} Qe1+ {[%clk 00:32:59]}
{[%emt 00:00:14]} 49. Kg4 {[%clk 00:23:42]} {[%emt 00:00:23]} Qg1+ {[%clk
00:32:35]} {[%emt 00:00:54]} 50. Kh3 {[%clk 00:23:28]} {[%emt 00:00:44]} Qc1
{[%clk 00:31:17]} {[%emt 00:01:48]} 51. f5 {[%clk 00:23:19]} {[%emt 00:00:40]}
gxf5 {[%clk 00:31:39]} {[%emt 00:00:07]} 52. Qxf5 {[%clk 00:23:41]} {[%emt
00:00:08]} Qh1+ {[%clk 00:32:03]} {[%emt 00:00:06]} 53. Kg4 {[%clk 00:23:50]}
{[%emt 00:00:21]} Qg2+ {[%clk 00:32:25]} {[%emt 00:00:08]} 54. Kf4 {[%clk
00:21:34]} {[%emt 00:02:46]} Qf2+ {[%clk 00:32:47]} {[%emt 00:00:07]} 55. Ke5
{[%clk 00:20:00]} {[%emt 00:02:05]} Qxh4 {[%clk 00:31:50]} {[%emt 00:01:27]}
56. Qf6+ {[%clk 00:20:10]} {[%emt 00:00:21]} Kg8 {[%clk 00:32:04]} {[%emt
00:00:16]} 57. Qd8+ {[%clk 00:19:29]} {[%emt 00:01:11]} Kg7 {[%clk 00:32:11]}
{[%emt 00:00:23]} 58. Qe7+ {[%clk 00:19:11]} {[%emt 00:00:47]} Kg8 {[%clk
00:32:07]} {[%emt 00:00:33]} 59. Qd8+ {[%clk 00:18:47]} {[%emt 00:00:54]} Kg7
{[%clk 00:32:25]} {[%emt 00:00:13]} 60. Qd7+ {[%clk 00:18:13]} {[%emt
00:01:05]} Kg8 {[%clk 00:32:35]} {[%emt 00:00:17]} 61. Qd8+ {[%clk 00:15:42]}
{[%emt 00:03:04]} Kg7 {[%clk 00:32:55]} {[%emt 00:00:10]} 62. Qf6+ {[%clk
00:16:03]} {[%emt 00:00:09]} Kg8 {[%clk 00:33:16]} {[%emt 00:00:08]} 63. Qd8+
{[%clk 00:15:48]} {[%emt 00:00:44]} Kg7 {[%clk 00:33:26]} {[%emt 00:00:21]} 64.
Qe7+ {[%clk 00:14:54]} {[%emt 00:01:25]} Kg8 {[%clk 00:33:28]} {[%emt
00:00:28]} 65. Qd8+ {[%clk 00:15:18]} {[%emt 00:00:06]} 1/2-1/2